AMAZING FACTS YOU MAY BE INTERESTED TO KNOW (Record no. 170738)

MARC details
000 -LEADER
fixed length control field 00376nam a2200145Ia 4500
008 - FIXED-LENGTH DATA ELEMENTS--GENERAL INFORMATION
fixed length control field 220920s9999 xx 000 0 und d
020 ## - INTERNATIONAL STANDARD BOOK NUMBER
International Standard Book Number 9788188681426
082 ## - DEWEY DECIMAL CLASSIFICATION NUMBER
Item number KHA
100 ## - MAIN ENTRY--PERSONAL NAME
Personal name KHARE, VINOD KUMAR
245 #0 - TITLE STATEMENT
Title AMAZING FACTS YOU MAY BE INTERESTED TO KNOW
260 ## - PUBLICATION, DISTRIBUTION, ETC.
Name of publisher, distributor, etc. SHALABH PUBLISHING HOUSE, MEERUT
Date of publication, distribution, etc. 2013
300 ## - PHYSICAL DESCRIPTION
Extent 1150
650 ## - SUBJECT ADDED ENTRY--TOPICAL TERM
Topical term or geographic name entry element Sociology
942 ## - ADDED ENTRY ELEMENTS (KOHA)
Koha item type Book
Holdings
Withdrawn status Lost status Damaged status Not for loan Home library Current library Shelving location Date acquired Cost, normal purchase price Total Checkouts Total Renewals Barcode Date due Date last seen Date last checked out Price effective from Koha item type
        Mewar University Central Library Mewar University Central Library Humanities 11/10/2019 1150.00 2   H847 21/11/2025 21/04/2023 21/04/2023 11/10/2019 Book